Римский-Корсаков - 175. Год за годом (Запись № 11405108)

Подробности
000 -МАРКЕР
контрольное поле 02558nam0a2200349 4500
001 - ИДЕНТИФИКАТОР ЗАПИСИ
контрольное поле RU\NLR\BIBL_A\012001054
005 - ИДЕНТИФИКАТОР ВЕРСИИ
контрольное поле 20190520111442.0
010 ## - МЕЖДУНАРОДНЫЙ СТАНДАРТНЫЙ НОМЕР КНИГИ (ISBN)
Номер (ISBN) 978-5-91461-057-6
Тираж 100
021 ## - НОМЕР ГОСУДАРСТВЕННОЙ РЕГИСТРАЦИИ
Код страны российская федерация
Номер КН-П-19-025077
Номер Листа государственной регистраци КН-П-19-1898
035 ## - ДРУГИЕ СИСТЕМНЫЕ НОМЕРА
Идентификатор записи (NLR Aleph) 012001054
035 ## - ДРУГИЕ СИСТЕМНЫЕ НОМЕРА
Идентификатор записи (RuMoRGB)009940618
100 ## - ДАННЫЕ ОБЩЕЙ ОБРАБОТКИ
Данные общей обработки 20190426d2019 k y0rusy50 ca
101 0# - ЯЗЫК РЕСУРСА
Язык текста, звукозаписи и т.д. русский
102 ## - СТРАНА ПУБЛИКАЦИИ ИЛИ ПРОИЗВОДСТВА
Страна публикации российская федерация
105 ## - ПОЛЕ КОДИРОВАННЫХ ДАННЫХ: ТЕКСТОВЫЕ МАТЕРИАЛЫ, МОНОГРАФИЧЕСКИЕ
Кодированные данные о монографическом текстовом документе c|||zzzz1||zy
200 1# - ЗАГЛАВИЕ И СВЕДЕНИЯ ОБ ОТВЕТСТВЕННОСТИ
Основное заглавие Римский-Корсаков - 175. Год за годом
Сведения, относящиеся к заглавию [международная конференция к 175-летию Н.А. Римского-Корсакова], 18-21 марта 2019, [Санкт-Петербург]
-- сборник тезисов Международной конференции
Первые сведения об ответственности Комитет по культуре правительства Санкт-Петербурга, Санкт-Петербургское государственное бюджетное учреждение культуры "Санкт-Петербургский государственный музей театрального и музыкального искусства" [и др.
Последующие сведения об ответственности редакционная коллегия : Л. О. Адэр и др.]
210 ## - ПУБЛИКАЦИЯ, РАСПРОСТРАНЕНИЕ И ДР.
Место издания, распространения и т.д. Санкт-Петербург
Имя издателя, распространителя и т. д. СПб ГБУК СПбГМТиМИ
Дата издания, распространения и т.д. 2019
215 ## - ФИЗИЧЕСКАЯ ХАРАКТЕРИСТИКА
Специфическое обозначение материала и объем 59 с.
Другие сведения о физической характеристике портр.
Размеры 23 см
300 ## - ОБЩИЕ ПРИМЕЧАНИЯ
Текст примечания Загл. также на англ. яз.: Rimsky-Korsakov at 175. A survey of his legacy. Year on year
517 1# - ДРУГИЕ ВАРИАНТЫ ЗАГЛАВИЯ
Вариант заглавия Rimsky-Korsakov at 175. A survey of his legacy. Year on year
Язык заглавия английский
600 #1 - ИМЯ ЛИЦА КАК ПРЕДМЕТ
Начальный элемент ввода Римский-Корсаков
Часть имени, кроме начального элемента ввода Н. А.
Расширение инициалов личного имени Николай Андреевич
Даты 1844 - 1908
Формальный подзаголовок Съезды, совещания и т.п
Код системы nlr_sh2
Идентификатор авторитетной/нормативной записи RU\NLR\AUTH\66370463
686 1# - ИНДЕКСЫ ДРУГИХ КЛАССИФИКАЦИЙ
Индекс Щ313(2Р=Рус)53-81Римский-Корсаков я431
702 #1 - ИМЯ ЛИЦА - ВТОРИЧНАЯ ОТВЕТСТВЕННОСТЬ
Начальный элемент ввода Адэр
Часть имени, кроме начального элемента ввода Л.О.
Расширение инициалов личного имени Лидия Олеговна
Код отношения Редактор
702 #1 - ИМЯ ЛИЦА - ВТОРИЧНАЯ ОТВЕТСТВЕННОСТЬ
Начальный элемент ввода Римский-Корсаков
Часть имени, кроме начального элемента ввода Н. А.
Даты 1844-1908
Расширение инициалов личного имени Николай Андреевич
Идентификатор авторитетной/нормативной записи RU\NLR\AUTH\7716260
Код отношения Прочие
711 12 - НАИМЕНОВАНИЕ ОРГАНИЗАЦИИ - АЛЬТЕРНАТИВНАЯ ОТВЕТСТВЕННОСТЬ
Начальный элемент ввода "Римский-Корсаков - 175. Год за годом", международная конференция
Дата проведения временной организации 2019
Место проведения временной организации Санкт-Петербург
Идентификатор авторитетной/нормативной записи RU\NLR\AUTH\880500610
712 02 - НАИМЕНОВАНИЕ ОРГАНИЗАЦИИ - ВТОРИЧНАЯ ОТВЕТСТВЕННОСТЬ
Начальный элемент ввода Санкт-Петербургский государственный музей театрального и музыкального искусства
Идентификатор авторитетной/нормативной записи RU\NLR\AUTH\8810039684
Код отношения Организатор конференции
942 ## - ДОПОЛНИТЕЛЬНЫЕ ЭЛЕМЕНТЫ ЗАПИСИ (АБИС)
Тип экземпляра АБИС Книга
980 ## - КОЛЛЕКЦИЯ
Название коллекции НБР
980 ## - КОЛЛЕКЦИЯ
Название коллекции Национальная библиография

Нет доступных экземпляров.